Toronto Raptors 2024-2025 Roster - Statistics

General Stats
  • This quiz has been taken 90 times
    34 since last reset
  • The average score is 10 of 17
Answer Stats
Jersey # Answer % Correct
4 Scottie Barnes
100%
9 RJ Barrett
92%
5 Immanuel Quickley
88%
3 Brandon Ingram
84%
19 Jakob Poeltl
84%
25 Chris Boucher
80%
1 Gradey Dick
80%
14 Ja'Kobe Walter
68%
23 Jamal Shead
64%
2 Jonathan Mogbo
64%
77 Jamison Battle
60%
17 Garett Temple
52%
30 Ochai Agbaji
48%
0 A.J. Lawson
32%
22 Ulrich Chomche
24%
21 Orlando Robinson
20%
27 Jared Rhoden
4%
No matching quizzes found
Score Distribution
Percent of People with Each Score
Percentile by Number Answered
Your Score History
You have not taken this quiz since the last reset